La pérdida de un ser querido (Record no. 38821)

MARC details
000 -LEADER
campo de control de longitud fija 00287nam a2200121Ia 4500
005 - FECHA Y HORA DE LA ÚLTIMA TRANSACCIÓN
campo de control 20251222155131.0
008 - DATOS DE LONGITUD FIJA--INFORMACIÓN GENERAL
campo de control de longitud fija 251222s9999||||xx |||||||||||||| ||spa||
082 ## - NÚMERO DE LA CLASIFICACIÓN DECIMAL DEWEY
Número de clasificación ETI.130
100 ## - ENTRADA PRINCIPAL--NOMBRE DE PERSONA
Nombre de persona PANGRAZZI,Arnaldo.
245 #0 - MENCIÓN DEL TÍTULO
Título La pérdida de un ser querido
264 ## - PRODUCCIÓN, PUBLICACIÓN, DISTRIBUCIÓN, FABRICACIÓN Y COPYRIGHT
Nombre del de productor, editor, distribuidor, fabricante No tiene
942 ## - ELEMENTOS DE ENTRADA SECUNDARIOS (KOHA)
Tipo de ítem Koha Libros
Holdings
Estatus retirado Estado de pérdida Estado de daño No para préstamo Biblioteca de origen Biblioteca actual Ubicación en estantería Fecha de adquisición Total de préstamos Signatura topográfica completa Código de barras Visto por última vez Precio de reemplazo Tipo de ítem Koha
        Biblioteca Tezza Biblioteca Tezza Programa 22/12/2025   ETI.130 0023894 22/12/2025 22/12/2025 Libros